1245 1913 1375 1000 1291 1598 1846 1221 1805 1670 1723 1295 1549 1896 1914 1626 1416 1252 1977 1710 1493 1427 1456 1929 1865 1064 1637 1239 1934 1411 1325 1006 1576 1533 1511 1821 1551 1342 1897 1267 1869 1348 1691 1691 1722 1472 1139 1789 1737 1268 1565 1252 1337 1122 1865 1995 1722 1238 1930 1037 1030 1699 1989 1885 1809 1973 1243 1489 1820 1815 1000 1417 1151 1134 1583 1732 1682 1783 1918 1394 1821 1099 1592 1644 1199 1095 1268 1922 1167 1500 1228 1364 1663 1580 1815 1307 1341 1700 1995 BCNSPRNW ULIB Ver.6.0+V

เปลี่ยนเป็นภาษาไทย

Change to English
 แสดงรายละเอียดบรรณานุกรม
  กลับหน้าหลัก

Brief Record : Get Marc (ISO 2709) : E-mail record : QR code < ปิดหน้าต่าง
LEADER : 00000nam 2200000uu 4500
001    13399110960
003     ULIB
008    110614s||||||||th 000 0 tha d
020    974707348X
020    9789747073485
050  4 AC159^bอ329ก 2550
100 0  อรปรียา หุ่นศาสตร์
245 10 กินดี อยู่ดี แบบอรปรียา /^cอรปรียา หุ่นศาสตร์
260    กรุงเทพฯ :^bใส่ใจ,^c[2550]
300    160 หน้า :^bภาพประกอบ ;^c21 ซม.
600 07 อรปรียา หุ่นศาสตร์^xผลงาน
650  7 รวมเรื่อง
945    ^p165^l0^i021748
995    ทศพร
999 ^a ใช้งานได้ทุกระบบ
รายการนี้ยังไม่มีแท็ก
คุณยังไม่ได้ล็อกอิน คุณสามารถมีกิจกรรมร่วมกับเว็บไซต์ได้ แต่ต้องล็อกอินก่อน ::
  ล็อกอิน

รายการสื่อสารสนเทศ

ลำดับที่ ประเภท เลขเรียก/บาร์โค้ด สถานที่ สถานะ
- ไม่พบข้อมูล -

รายการใกล้เคียง
    หัวเรื่อง [รวมเรื่อง]

BibComment


ยังไม่เคยถูกคอมเมนท์

คอมเมนท์ทรัพยากรรายการนี้
  คอมเมนท์: กินดี อยู่ดี แบบอ..


 Copyright 2026. Bcnsprnw @Library